00454nam a2200169 a 45000010010000000030011000100080041000210200009000620350026000711000020000972450043001172600038001603000017001985000017002156500022002328560030002540001-1134ELIB.Books150504 2010 eng  aKBTS a(ELIB.Books)0001-1289 aScott, R. B. Y. aThe Way of Wisdom in the Old Testament aNew YorkbMacmillan Companyc1971 a238c20.3 Cm aC/o Moe Lwei aWisdom Literature nKBTS: LibraryuKBTS: Elib